Giganci Technologii #2 - Apple - Statystyki

Ogólne statystyki
  • Ten quiz został rozwiązany 621 razy
  • Średni wynik to 9 z 18
Statystyki odpowiedzi
Wskazówka Odpowiedź % Poprawnych
Telefon, który Apple wydał w 2007 roku iPhone
98%
Zegarek wydany w 2015 roku Apple Watch
90%
Dwóch „Steve’ów”, którzy byli współzałożycielami Apple Steve Jobs
88%
Linia komputerów wprowadzona w 1984 roku Macintosh
81%
Słuchawki bezprzewodowe wydane w 2016 roku AirPods
76%
Odtwarzacz MP3 wydany w 2001 roku iPod
74%
Przeglądarka internetowa firmy Apple Safari
68%
„Osobisty asystent” firmy Apple pojawił się na rynku w 2011 r. Siri
62%
Dwóch „Steve’ów”, którzy byli współzałożycielami Apple Steve Wozniak
49%
Firma produkująca słuchawki marki Dr. Dre została przejęta w 2014 r. Beats
46%
Zestaw słuchawkowy do rzeczywistości rozszerzonej został wprowadzony na rynek w 2024 r. Apple {Vision} Pro
35%
Słynny naukowiec, którego wizerunek został odpowiednio przedstawiony na oryginalnym logo Apple Izaak Newton
31%
Obecny dyrektor generalny Apple Tim Cook
31%
Chińskie miasto, zaczynające się na literę S, w którym wyprodukowano większość telefonów Apple Shenzhen
21%
Kampania reklamowa prowadzona w latach 1997–2002 Think {Different}
20%
Zespół rockowy, który jest właścicielem wytwórni muzycznej Apple Records i kiedyś pozwał Apple Computer za naruszenie znaku towarowego The Beatles
17%
Zespół, którego „Songs of Innocence” zostało pobrane na urządzenia każdego
bez pozwolenia w 2014 r.
U2
16%
Miejsce w sklepie Apple Store, do którego możesz się udać, aby uzyskać pomoc dotyczącą urządzeń Apple {Genius} Bar
9%
Nie znaleziono quizów pasujących do podanych kryteriów
Rozkład punktacji
Procent ludzi z każdym wynikiem
Percentyl według liczby udzielonych odpowiedzi
Twoja historia wyników
Nie rozwiązałeś tego quizu